| 000 | 00999cam a2200277 a 4500 | ||
|---|---|---|---|
| 001 | 3889323 | ||
| 005 | 20240229103007.0 | ||
| 008 | 900424s1991 nyua b 001 0 eng | ||
| 010 | _a 90037290 | ||
| 020 | _a9781138688421 | ||
| 038 | _aMalang Jan | ||
| 040 |
_aDLC _cDLC _dDLC |
||
| 050 | 0 | 0 |
_aNA2750 _b.S25 1991 |
| 082 | 0 | 0 |
_a720.28 _220 _bSAN |
| 100 | 1 |
_aSanoff, Henry. _9121646 |
|
| 245 | 1 | 0 |
_aVisual research methods in design / _cHenry Sanoff. |
| 260 |
_aNew York : _bVan Nostrand Reinhold, _cc1991. |
||
| 300 |
_axvi, 223 p. : _bill. ; _c25 cm. |
||
| 504 | _aIncludes bibliographical references (p. 205-218) and index. | ||
| 650 | 0 |
_aArchitectural design _xResearch. _932572 |
|
| 650 | 0 |
_aSymbolism in architecture. _931704 |
|
| 650 | 0 |
_aArchitecture _xEnvironmental aspects. _931762 |
|
| 906 |
_a7 _bcbc _corignew _d1 _eocip _f19 _gy-gencatlg |
||
| 942 |
_2ddc _cBK |
||
| 999 |
_c608463 _d608463 |
||